LEADER 01296nam--2200373---450- 001 990003415440203316 005 20100622085858.0 010 $a88-14-14430-3 035 $a000341544 035 $aUSA01000341544 035 $a(ALEPH)000341544USA01 035 $a000341544 100 $a20100622d2008----km-y0itay50------ba 101 $aeng 102 $aIT 105 $a||||||||001yy 200 1 $aAsian constitutionalism in transition$ea comparative perspective$fedited by Tania Groppi, Valeria Piergigli, Angelo Rinella 210 $aMilano$cGiuffrè$d2008 215 $aVIII, 385 p.$d24 cm 300 $aIn testa al front.: Dipartimento di diritto dell'economia, Dipartimento di diritto pubblico, Università di Siena 300 $aContiene gli interventi dell'omonimo convegno tenutosi a Siena il 14-15 dicembre 2007 606 0 $aCostituzionalismo$xAsia$xAtti di congressi$2BNCF 676 $a342.5 702 1$aGROPPI,$bTania 702 1$aPIERGIGLI,$bValeria 702 1$aRINELLA,$bAngelo 801 0$aIT$bsalbc$gISBD 912 $a990003415440203316 951 $aXXIV.2.M. 357$b63345 G.$cXXIV.2.M.$d00259549 959 $aBK 969 $aGIU 979 $aIANNONE$b90$c20100622$lUSA01$h0858 996 $aAsian constitutionalism in transition$91125293 997 $aUNISA LEADER 02085nam0 2200433 i 450 001 VAN0102906 005 20220209100541.445 017 70$2N$a978-1-4939-0603-1 100 $a20151013d2014 |0itac50 ba 101 $aeng 102 $aUS 105 $a|||| ||||| 200 1 $aTopics from australian conferences on teaching statistics$eOZCOTS 2008-2012$fHelen MacGillivray, Brian Phillips, Michael A. Martin editors 210 $aNew York$cSpringer$d2014 215 $aXXIII, 418 p.$cill.$d24 cm 410 1$1001VAN0102574$12001 $aSpringer proceedings in mathematics & statistics$1210 $aBerlin [etc.]$cSpringer$v81 500 1$3VAN0239837$aTopics from australian conferences on teaching statistics$91410688 606 $a00B25$xProceedings of conferences of miscellaneous specific interest [MSC 2020]$3VANC020732$2MF 606 $a97K40$xDescriptive statistics (educational aspects) [MSC 2020]$3VANC031099$2MF 606 $a97K70$xFoundations and methodology of statistics (educational aspects) [MSC 2020]$3VANC031100$2MF 610 $aISI World Statistics Congress$9KW:K 610 $aInternational Association for Statistical Education$9KW:K 610 $aOZCOTS$9KW:K 610 $aStatistical education$9KW:K 610 $aStatistical thinking$9KW:K 610 $aTeaching statistics$9KW:K 620 $aUS$dNew York$3VANL000011 702 1$aMacGillivray$bHelen$3VANV080326 702 1$aMartin$bMichael A.$3VANV080328 702 1$aPhillips$bBrian$3VANV080327 712 $aSpringer $3VANV108073$4650 801 $aIT$bSOL$c20240614$gRICA 856 4 $uhttp://dx.doi.org/10.1007/978-1-4939-0603-1$zE-book ? Accesso al full-text attraverso riconoscimento IP di Ateneo, proxy e/o Shibboleth 899 $aBIBLIOTECA CENTRO DI SERVIZIO SBA$2VAN15 912 $fN 912 $aVAN0102906 950 $aBIBLIOTECA CENTRO DI SERVIZIO SBA$d15CONS SBA EBOOK 4635 $e15EB 4635 20191106 996 $aTopics from australian conferences on teaching statistics$91410688 997 $aUNICAMPANIA